Kambodža kráča vpred Rozhovor s vedúcim kambodžským predstaviteľom Hengom Samrinom

Bibliographic Details
Main Authors: Samrin, Heng (Author), Borovička, Bohuslav (Author)
Format: Article
Language:Slovak
Subjects:

MARC

LEADER 00000nab a2200000 a 4500
001 vtls000070434
003 SK-MaSNL
005 20260304165923.0
008 111103c1980 xo 0 slo
015 |a SNBRB19rr/mm-uuuuu 
035 |a CL0080535 
040 |a SNKBUCL  |b slo  |c SNKBUCL  |e AACR2 
041 0 |a slo 
044 |a xo  |c SK 
080 |a 323(100)  |2 1981 
080 |a 327(100)  |2 1981 
100 1 |a Samrin, Heng  |4 aut  |9 1496731 
245 1 0 |a Kambodža kráča vpred  |b Rozhovor s vedúcim kambodžským predstaviteľom Hengom Samrinom  |c Heng Samrin, Bohuslav Borovička 
650 0 7 |a vnútorná politika  |2 snkbucl  |9 970 
651 7 |a Kambodža  |2 snkbucl  |9 26424 
655 7 |a články z novín a časopisov  |2 snkbucl  |9 267496 
700 1 |a Borovička, Bohuslav  |4 aut  |9 1010734 
773 0 |t Pravda  |g Roč. 61, č. 272 (17. 11. 1980), s. 1 a 4 
850 |a Slovenská národná knižnica v Martine  |a MTA001 
852 |a SNK  |b KIS3GCP 
958 |a RK 
992 |a RBX 
999 |c 2986151  |d 2988081